000 00602nam a22001937a 4500
005 20251108173502.0
008 250721s9999 xx 000 0 ara d
082 1 4 _aط/398.22/تنج
100 1 _aالتنجي، محمد
245 1 0 _aالجزاء العادل /
264 1 _aحلب :
_bدار ربيع للنشر،
_c(19-).
300 _a16ص.
490 0 _aاساطير من الشرق : قصص تربوية للأطفال
650 1 7 _aعلم الأساطير
650 1 7 _aالخرافات
653 _aمرحلة متوسطة (6-9 سنوات )
942 _2ddc
_cBK
999 _c105021
_d105021